| 000 -LEADER |
| fixed length control field |
00774cam a22002177a 4500 |
| 020 ## - INTERNATIONAL STANDARD BOOK NUMBER |
| ISBN |
9783825364762 (hd.bd.) |
| 020 ## - INTERNATIONAL STANDARD BOOK NUMBER |
| ISBN |
3825364763 (hd.bd.) |
| 040 ## - CATALOGING SOURCE |
| Transcribing agency |
OHX |
| 082 ## - DEWEY DECIMAL CLASSIFICATION NUMBER |
| Classification number |
330 UNI 2016 A078 Or. |
| 245 05 - TITLE STATEMENT |
| Title |
"Der Augen Blödigkeit" : |
| Remainder of title |
Sinnestäuschungen, Trugwahrnehmung und visuelle Epistemologie im 18. Jahrhundert / |
| 260 ## - PUBLICATION, DISTRIBUTION, ETC. (IMPRINT) |
| Place of publication |
Heidelberg : |
| Name of publisher |
Universitätsverlag Winter, |
| Year of publication |
[2016]. |
| 300 ## - PHYSICAL DESCRIPTION |
| Number of Pages |
272 pages : |
| Other physical details |
illustrations ; |
| Dimensions |
24 cm. |
| 490 1# - SERIES STATEMENT |
| Series statement |
Beiträge zur Literaturwissenschaft und Wissenspoetik ; |
| 500 ## - GENERAL NOTE |
| General note |
International conference proceedings. |
| 650 #0 - SUBJECT ADDED ENTRY--TOPICAL TERM |
| Topical Term |
Visual perception in literature |
| 650 #0 - SUBJECT ADDED ENTRY--TOPICAL TERM |
| Topical Term |
Synesthesia in literature |
| 650 #0 - SUBJECT ADDED ENTRY--TOPICAL TERM |
| Topical Term |
European literature |
| 700 1# - ADDED ENTRY--PERSONAL NAME |
| Personal name |
Dueck, Evelyn, |
| 700 1# - ADDED ENTRY--PERSONAL NAME |
| Personal name |
Vuillemin, Nathalie, |
| 942 ## - ADDED ENTRY ELEMENTS (KOHA) |
| Koha item type |
សៀវភៅភាសាអង់គ្លេស |
| 952 ## - LOCATION AND ITEM INFORMATION (KOHA) |
| Withdrawn status [LOCAL, KOHA] |
0 |